书目信息 |
| 题名: |
复印机使用经验和维修技术
|
|
| 作者: | 梦砚 , 刘洪 编著 | |
| 分册: | ||
| 出版信息: | 北京 电子工业出版社 1988.5 |
|
| 页数: | 268页 | |
| 开本: | 20cm | |
| 丛书名: | ||
| 单 册: | ||
| 中图分类: | TB852.2 | |
| 科图分类: | ||
| 主题词: | 摄影--机具 , 摄影--设备 | |
| 电子资源: | ||
| ISBN: | ||
| 000 | 00616nam0 2200217 45 | |
| 001 | 0312221749 | |
| 005 | 20031222170909.3 | |
| 010 | @dCNY3.10 | |
| 100 | @a20031222d1988 km y0chiy0120 ea | |
| 101 | @achi | |
| 105 | @a z 000yy | |
| 200 | 1 | @a复印机使用经验和维修技术@AFu Yin Ji Shi Yong Jing Yan He Wei Xiu Ji Shu@f梦砚,刘洪编著@FMeng Yan,Liu Hong Bian Zhu |
| 210 | @a北京@c电子工业出版社@d1988.5 | |
| 215 | @a268页@d20cm | |
| 606 | 0 | @a摄影@x机具 |
| 606 | 0 | @a摄影@x设备 |
| 690 | @aTB852.2@v3 | |
| 701 | 0 | @a梦砚@4编著 |
| 701 | 0 | @a刘洪@4编著 |
| 801 | @aCN@bTSTCL@c20031222 | |
| 905 | @a213230@dTB852.2@e31 | |
| 复印机使用经验和维修技术/梦砚,刘洪编著.-北京:电子工业出版社,1988.5 |
| 268页;20cm |
| ISBN :CNY3.10 |
| ● |
| 相关链接 |
|
|
|
|
正题名:复印机使用经验和维修技术
索取号:TB852.2/31
 
预约/预借
| 序号 | 登录号 | 条形码 | 馆藏地/架位号 | 状态 | 备注 |
| 1 | 0248876 | 202451943 | 第二样本阅览室/ [索取号:TB852.2/31] | 在馆 |